Abbreviated Countries Quiz Stats

 Plays Quiz Updated Mar 6, 2017

Challenge
Share
Tweet
Embed
Score 0/30 Timer 05:00
1 Play Today
Abbreviation Country % Correct
NZNew Zealand
92.7%
UKUnited Kingdom
92.5%
USUnited States
91.8%
DRotCDemocratic Republic of the Congo
90.9%
UAEUnited Arab Emirates
88.7%
NKNorth Korea
82.5%
RotCRepublic of the Congo
78.5%
CARCentral African Republic
78.3%
SKSouth Korea
78.1%
TaTTrinidad and Tobago
77.4%
SASaudi Arabia, South Africa
77.3%
DRDominican Republic
76.8%
SLSt. Lucia, Sierra Leone, Sri Lanka
76.4%
BaHBosnia and Herzegovina
75.6%
AaBAntigua and Barbuda
75.2%
Abbreviation Country % Correct
CdICôte d’Ivoire
75%
BFBurkina Faso
74.6%
VCVatican City
74.6%
PNGPapua New Guinea
73.7%
CRCosta Rica
73.6%
SKaNSt. Kitts and Nevis
71.8%
eSEl Salvador
69.3%
SVatGSt. Vincent and the Grenadines
67.8%
SMSan Marino
67%
EGEquatorial Guinea
66.7%
CVCabo Verde
66.3%
SSSouth Sudan
62.6%
STaPSão Tomé and Príncipe
59.7%
MIMarshall Islands
57.8%
SISolomon Islands
48.5%

You're not logged in!

Compare scores with friends on all Sporcle quizzes.
OR
Log In

You Might Also Like...

Show Comments

Extras

Top Quizzes Today


Score Distribution

Your Account Isn't Verified!

In order to create a playlist on Sporcle, you need to verify the email address you used during registration. Go to your Sporcle Settings to finish the process.

Report this User

Report this user for behavior that violates our Community Guidelines.

Details: